Kabale University Library Catalogue

The Oresteia / (Record no. 5870)

MARC details
000 -LEADER
fixed length control field 00860cam a2200253 a 4500
003 - CONTROL NUMBER IDENTIFIER
control field OSt
005 - DATE AND TIME OF LATEST TRANSACTION
control field 20260128152950.0
008 - FIXED-LENGTH DATA ELEMENTS--GENERAL INFORMATION
fixed length control field 830819s1984 nyu b 000 0 eng
020 ## - INTERNATIONAL STANDARD BOOK NUMBER
International Standard Book Number 0140443339
Qualifying information pbk.
020 ## - INTERNATIONAL STANDARD BOOK NUMBER
International Standard Book Number 9780140443332
Qualifying information (pbk.)
040 ## - CATALOGING SOURCE
Original cataloging agency KABLIB
Transcribing agency KABLIB
Language of cataloging eng.
Description conventions rda
082 00 - DEWEY DECIMAL CLASSIFICATION NUMBER
Classification number 882.01
Edition number 19
Item number AES
100 0# - MAIN ENTRY--PERSONAL NAME
Personal name Aeschylus.
9 (RLIN) 14799
240 10 - UNIFORM TITLE
Uniform title Oresteia.
Language of a work English
245 14 - TITLE STATEMENT
Title The Oresteia /
Statement of responsibility, etc. Aeschylus ; translated by Robert Fagles ; introductory essay, notes, and glossary by Robert Fagles and W.B. Stanford.
260 ## - PUBLICATION, DISTRIBUTION, ETC.
Place of publication, distribution, etc. New York, N.Y. :
Name of publisher, distributor, etc. Penguin Books,
Date of publication, distribution, etc. 1984.
300 ## - PHYSICAL DESCRIPTION
Extent 335 p. ;
Dimensions 18 cm.
504 ## - BIBLIOGRAPHY, ETC. NOTE
Bibliography, etc. note Bibliography: p. [281]-283.
600 00 - SUBJECT ADDED ENTRY--PERSONAL NAME
Personal name Orestes,
Titles and other words associated with a name King of Argos (Mythological character)
Form subdivision Drama.
9 (RLIN) 14800
650 ## - SUBJECT ADDED ENTRY--TOPICAL TERM
Topical term or geographic name entry element literature
655 #7 - INDEX TERM--GENRE/FORM
Genre/form data or focus term Tragedies.
Source of term gsafd
9 (RLIN) 6093
700 1# - ADDED ENTRY--PERSONAL NAME
Personal name Fagles, Robert.
9 (RLIN) 14801
942 ## - ADDED ENTRY ELEMENTS (KOHA)
Source of classification or shelving scheme Dewey Decimal Classification
Koha item type Book
Holdings
Withdrawn status Lost status Source of classification or shelving scheme Damaged status Not for loan Home library Current library Shelving location Date acquired Source of acquisition Total Checkouts Full call number Barcode Date last seen Price effective from Koha item type
    Dewey Decimal Classification     Education Library Education Library Open Access Section 28.01.2026 donation   882.01 AES 14288 28.01.2026 28.01.2026 Book
    Dewey Decimal Classification     Education Library Education Library Open Access Section 28.01.2026 donation   882.01 AES 14289 28.01.2026 28.01.2026 Book
    Dewey Decimal Classification     Education Library Education Library Open Access Section 28.01.2026 donation   882.01 AES 14290 28.01.2026 28.01.2026 Book
    Dewey Decimal Classification     Education Library Education Library Open Access Section 28.01.2026 donation   882.01 AES 14291 28.01.2026 28.01.2026 Book
    Dewey Decimal Classification     Education Library Education Library Open Access Section 28.01.2026 donation   882.01 AES 14292 28.01.2026 28.01.2026 Book

Kabale University Library | Kabale University P.O Box 317, Kabale, Uganda
Tel : +256754017033, +256774661503 E-mail : library@kab.ac.ug